La normativa de accesibilidad en el ámbito legal del urbanismo y la edificación (Registro nro. 49462)
[ vista simple ]
| 000 -CABECERA | |
|---|---|
| Longitud fija campo de control | 01331naa a2200325 c 4500 |
| 001 - NÚMERO DE CONTROL | |
| Número de control | 49462 |
| 003 - IDENTIFICADOR DE NÚMERO DE CONTROL | |
| Identificador del número de control | ES-MaCES |
| 005 - FECHA Y HORA DE LA ÚLTIMA TRANSACCIÓN | |
| Fecha y hora de la última transacción | 20170524125507.0 |
| 008 - CAMPO FIJO DE DESCRIPCIÓN FIJA--INFORMACIÓN GENERAL | |
| Códigos de información de longitud fija | 170524s2016 sp ||||| t||||||| ||spa d |
| 040 ## - FUENTE DE CATALOGACIÓN | |
| Centro catalogador de origen | ES-MaCES |
| Lengua de catalogación | spa |
| Centro transcriptor | ES-MaCES |
| Centro modificado | ES-MaCES |
| 100 1# - ENCABEZAMIENTO PRINCIPAL--NOMBRE PERSONAL | |
| 9 (RLIN) | 38225 |
| Nombre de persona | Bensusan Martín, María del Pilar |
| 245 13 - MENCIÓN DE TÍTULO | |
| Título | La normativa de accesibilidad en el ámbito legal del urbanismo y la edificación |
| Resto del título | : un reto pendiente |
| Mención de responsabilidad, etc. | María del Pilar Bensusan Martín, Antonio Espínola Jiménez |
| 500 ## - NOTA GENERAL | |
| Nota general | Resumen |
| 504 ## - NOTA DE BIBLIOGRAFÍA, ETC. | |
| Nota de bibliografía, etc. | Bibliografía: p. 73-75 |
| 650 #4 - ASIENTO SECUNDARIO DE MATERIA--TÉRMINO DE MATERIA | |
| 9 (RLIN) | 28689 |
| Término de materia o nombre geográfico como elemento inicial | persona con discapacidad |
| 650 #4 - ASIENTO SECUNDARIO DE MATERIA--TÉRMINO DE MATERIA | |
| 9 (RLIN) | 29338 |
| Término de materia o nombre geográfico como elemento inicial | accesibilidad |
| 650 #4 - ASIENTO SECUNDARIO DE MATERIA--TÉRMINO DE MATERIA | |
| 9 (RLIN) | 29324 |
| Término de materia o nombre geográfico como elemento inicial | ayudas técnicas para discapacitados |
| 650 #4 - ASIENTO SECUNDARIO DE MATERIA--TÉRMINO DE MATERIA | |
| 9 (RLIN) | 29688 |
| Término de materia o nombre geográfico como elemento inicial | movilidad física |
| 650 #4 - ASIENTO SECUNDARIO DE MATERIA--TÉRMINO DE MATERIA | |
| 9 (RLIN) | 30288 |
| Término de materia o nombre geográfico como elemento inicial | construcción |
| 650 #4 - ASIENTO SECUNDARIO DE MATERIA--TÉRMINO DE MATERIA | |
| 9 (RLIN) | 28619 |
| Término de materia o nombre geográfico como elemento inicial | desarrollo urbano |
| 650 #4 - ASIENTO SECUNDARIO DE MATERIA--TÉRMINO DE MATERIA | |
| 9 (RLIN) | 28618 |
| Término de materia o nombre geográfico como elemento inicial | zona urbana |
| 650 #4 - ASIENTO SECUNDARIO DE MATERIA--TÉRMINO DE MATERIA | |
| 9 (RLIN) | 27155 |
| Término de materia o nombre geográfico como elemento inicial | derecho administrativo |
| 650 #4 - ASIENTO SECUNDARIO DE MATERIA--TÉRMINO DE MATERIA | |
| 9 (RLIN) | 29894 |
| Término de materia o nombre geográfico como elemento inicial | régimen jurídico |
| 650 #4 - ASIENTO SECUNDARIO DE MATERIA--TÉRMINO DE MATERIA | |
| 9 (RLIN) | 30768 |
| Término de materia o nombre geográfico como elemento inicial | Comunidades Autónomas |
| 650 #4 - ASIENTO SECUNDARIO DE MATERIA--TÉRMINO DE MATERIA | |
| 9 (RLIN) | 26964 |
| Término de materia o nombre geográfico como elemento inicial | España |
| 653 10 - TÉRMINO DE INDEXACIÓN--NO CONTROLADO | |
| Término no controlado | Vivienda-Construcción-Urbanismo |
| 773 0# - ENTRADA DE DOCUMENTO FUENTE | |
| Itemnumber del ítem fuente | 86013 |
| Lugar, editor y fecha de publicación | Madrid Editorial Montecorvo 1967- |
| Otro identificador del documento | 088911 |
| Título | Revista de Derecho Urbanístico y Medio Ambiente |
| Número de control del registro relacionado | (ES-MaCES)25608 |
| Parte(s) relacionada(s) | año 49 [sic], n. 307 (jul.-ag. 2016) {10603 R. 088911} ;p. 17-75 |
| 902 ## - CES. TIPO DE DOCUMENTO | |
| Tipodoc (006$c Sirtex) | ART Artículo de revista |
| 942 ## - ELEMENTOS KOHA | |
| Fuente de clasificaión o esquema | Clasificación propia del CES |
| Koha [por defecto] tipo de item | Artículos (1982-2017) |
| Parte de clasificación | Políticas Sectoriales |
No hay ítems disponibles.
